00950 a2200193 45000010006000000050017000060080041000230030015000640400040000790800040001192450074001590200018002332500012002512640034002633000019002975050412003160410008007281000020007365769620260407155836.0260407a1992 arg spa dAR-UNSa-BCEJYS aAR-UNSa-BCEJYSbspacAR-UNSa-BCEJYS a338.23:336.74xPolítica monetaria10aFuegos de artificioplas zonas erróneas del plan de convertibilidad a950-742-194-7 a2a. ed. 1aBuenos Aires :bPlanetac1992 a194 p.c23 cm. a1. Radiografía de la convertibilidad – 2. La anhelada deflación – 3. Reagan y Thatcher – 4. La crisis bancaria y financiera – 5. ¿Reactivación sin inversión? – 6. El bosque musical – 7. Cada cual atiende su juego – 8. Privatizaciones amargas – 9. La desregulación: una devaluación encubierta – 10. Salarios, ocupación cuentapropismo – 11. Complejidades del sector externo  aspa1 aMuchnik, Daniel